<?xml version="1.0" encoding="UTF-8"?><?xml-stylesheet type="text/xsl" href="static/style.xsl"?><OAI-PMH xmlns="http://www.openarchives.org/OAI/2.0/" xmlns:xsi="http://www.w3.org/2001/XMLSchema-instance" xsi:schemaLocation="http://www.openarchives.org/OAI/2.0/ http://www.openarchives.org/OAI/2.0/OAI-PMH.xsd"><responseDate>2026-04-17T02:33:55Z</responseDate><request verb="GetRecord" identifier="oai:www.recercat.cat:2117/170505" metadataPrefix="marc">https://recercat.cat/oai/request</request><GetRecord><record><header><identifier>oai:recercat.cat:2117/170505</identifier><datestamp>2025-07-17T00:40:13Z</datestamp><setSpec>com_2072_1033</setSpec><setSpec>col_2072_452950</setSpec></header><metadata><record xmlns="http://www.loc.gov/MARC21/slim" xmlns:dcterms="http://purl.org/dc/terms/" xmlns:xsi="http://www.w3.org/2001/XMLSchema-instance" xmlns:doc="http://www.lyncode.com/xoai" xsi:schemaLocation="http://www.loc.gov/MARC21/slim http://www.loc.gov/standards/marcxml/schema/MARC21slim.xsd">
   <leader>00925njm 22002777a 4500</leader>
   <datafield ind2=" " ind1=" " tag="042">
      <subfield code="a">dc</subfield>
   </datafield>
   <datafield ind2=" " ind1=" " tag="720">
      <subfield code="a">Arias Montenegro, Francisco Javier</subfield>
      <subfield code="e">author</subfield>
   </datafield>
   <datafield ind2=" " ind1=" " tag="260">
      <subfield code="c">2019-06-25</subfield>
   </datafield>
   <datafield ind2=" " ind1=" " tag="520">
      <subfield code="a">In this work, ice-lubrication for moving the lithic material at the Tiwanaku complex and particulary at the ancient Pumapunku site is discussed. Ice friction (sliding stones on a sheet of ice) is identified as the most feasible technology for the transport of heavy stones at Pumapunku which is much in line with the inventiveness and technological approach used by this civilization not only because the propitious climatological conditions of the Titicaca basin but also because their most than proved technical inventions and knowledge in crops frost protection technology (raised-field systems also called suka kollo in Aymara), which is believed modified drastically the entire microclimate of the basin. Indeed, it is very justified to think that if ancient Tiwanaku people were able to develop a completely efficient technology to face the negative effects of frost in the entire basin region, on the contrary, it becomes very difficult to believe that the same people either inadvertent or deliberately don’t took advantage of frost to move the heavy stones from the quarries. Because ice friction provides the maximum reduction in the number of men required to pull the heaviest stone and because Andean civilizations lacked draft animals before the arrival of Europeans, then by utilizing an available population growth model -derived from plausible crop-yield estimates, it is possible to asses a technologic upper limit for the age of the Tiwanaku civilization. Finally, for the specific case of andesite blocks which are believed to be quarried at the foot of the Mount Ccapia (90 km away from the Tiwanaku site) and sailed on large rafts or totora reed boats across lake Titicaca, the alternative possibility of an ancient ice-corridor in the Gulf of Taraco is analyzed</subfield>
   </datafield>
   <datafield ind2=" " ind1=" " tag="520">
      <subfield code="a">Postprint (author's final draft)</subfield>
   </datafield>
   <datafield tag="653" ind2=" " ind1=" ">
      <subfield code="a">Àrees temàtiques de la UPC::Enginyeria mecànica</subfield>
   </datafield>
   <datafield tag="653" ind2=" " ind1=" ">
      <subfield code="a">Building stones</subfield>
   </datafield>
   <datafield tag="653" ind2=" " ind1=" ">
      <subfield code="a">Ice mechanics</subfield>
   </datafield>
   <datafield tag="653" ind2=" " ind1=" ">
      <subfield code="a">Titicaca Lake (Peru and Bolivia)</subfield>
   </datafield>
   <datafield tag="653" ind2=" " ind1=" ">
      <subfield code="a">Tiwanaku site</subfield>
   </datafield>
   <datafield tag="653" ind2=" " ind1=" ">
      <subfield code="a">Pumapunku site</subfield>
   </datafield>
   <datafield tag="653" ind2=" " ind1=" ">
      <subfield code="a">Andean Archeology</subfield>
   </datafield>
   <datafield tag="653" ind2=" " ind1=" ">
      <subfield code="a">Titicaca Lake Region (Peru and Bolivia)</subfield>
   </datafield>
   <datafield tag="653" ind2=" " ind1=" ">
      <subfield code="a">Tiwanaku culture</subfield>
   </datafield>
   <datafield tag="653" ind2=" " ind1=" ">
      <subfield code="a">Tribology</subfield>
   </datafield>
   <datafield tag="653" ind2=" " ind1=" ">
      <subfield code="a">Pedres de construcció</subfield>
   </datafield>
   <datafield tag="653" ind2=" " ind1=" ">
      <subfield code="a">Mecànica del gel</subfield>
   </datafield>
   <datafield ind2="0" ind1="0" tag="245">
      <subfield code="a">Ice friction for moving the heavy stones at the ancient Pumapunku complex. A first technological approach to the age problem</subfield>
   </datafield>
</record></metadata></record></GetRecord></OAI-PMH>